Politburo Standing Committees of the CCP (1945-1977) - Statistics

General Stats
  • This quiz has been taken 12 times
  • The average score is 13 of 18
Answer Stats
Picture Hint Answer % Correct
1956-1968* (Purged) | 1975-1976 (Purged) | 1977 Deng Xiaoping
100%
1945-1976 (Died) Mao Zedong
100%
1945-1969* (Sidelined) | 1973-1976 (Died) Zhu De
100%
1975-1977 Hua Guofeng
86%
1958-1971 (Died) Lin Biao
86%
1945-1968* (Purged) Liu Shaoqi
86%
1973-1976 (Purged) Wang Hongwen
86%
1945-1976 (Died) Zhou Enlai
86%
1950-1956 (Alternate)** | 1956-1969* (Sidelined) Chen Yun
71%
1973-1975 (Died) Dong Biwu
71%
1973-1977 Ye Jianying
71%
1973-1976 (Purged) Zhang Chunqiao
71%
1966-1975 (Died) Kang Sheng
57%
1945-1950 (Died) Ren Bishi
57%
1966-1970 (Purged) Chen Boda
43%
1956-1969* (Sidelined) Li Fuchun
43%
1966-1968* (Purged) Tao Zhu
29%
1973-1975 (Resigned) Li Desheng
14%
No matching quizzes found
Score Distribution
Percent of People with Each Score
Percentile by Number Answered
Your Score History
You have not taken this quiz